000 00245nam a2200097Ia 4500
001 642732
005 20250826153532.0
008 250824s9999 xx 000 0 und d
245 0 _a3 Kıyamet Mağarası
_c Kate McMullan
260 _bBEYAZ BALİNA
999 _c642732
_d642732